000 00438nam a2200193Ia 4500
005 20240823054718.0
008 240823s9999||||xx |||||||||||||| ||und||
020 _a0-313-3296-7
041 _aENGLISH
082 _A210.3 P5
100 _aWilliam G Doty
245 0 _aMyth A Handbook
250 _a1st
260 _c2005
_bRain Tree Publishing Pv
500 _aYES
650 _aGeneral
_bGeneral
942 _cBK
999 _c227100
_d227100